Pokemon quiz Stats

 Plays Quiz not verified by Sporcle

Support Sporcle.
Go Orange.
Score 0/11 Timer 10:00
0 Plays Today
Question Answer % Correct
Is Take Down a Special Attack or Attack Attack
83.3%
Is Eruption strong if your HP is lowNo
78.6%
Is Water Sprout strong if your HP is lowNo
78.6%
Does Protect failYes
71.4%
What item is needed for Volt TackleLight Ball
52.4%
What is Focus Blast's accuracy70
52.4%
How much damage is Feint30
47.6%
How does Beartic learn ice punchbreeding
38.1%
How does Haxorus learn Night Slashbreeding
38.1%
When does Druggidon learn CrunchLevel 22
4.8%
What is Zoroark's best statSPF Attack
2.4%

You're not logged in!

Compare scores with friends on all Sporcle quizzes.
OR
Log In

From the Vault

Keep Calm and Play Video Games

by El_Dandy

Don't know about you, but we find it impossible to keep calm while playing Super Smash Bros.
Remove Ads.
Support Sporcle.
Get the best of Sporcle when you Go Orange. This ad-free experience offers more features, more stats, and more fun while also helping to support Sporcle. Thank you for becoming a member.

Show Comments

Extras

Created Mar 22, 2012ReportNominate
Tags:Pokémon Quiz

Top Quizzes Today


Score Distribution

Your Account Isn't Verified!

In order to create a playlist on Sporcle, you need to verify the email address you used during registration. Go to your Sporcle Settings to finish the process.

Report this User

Report this user for behavior that violates our Community Guidelines.

Details: